| 000 | 00583nam a22002057a 4500 | ||
|---|---|---|---|
| 003 | OSt | ||
| 005 | 20140310181711.0 | ||
| 008 | 121208t xxu||||| |||| 00| 0 eng d | ||
| 020 | _a9716300301 | ||
| 050 |
_aDS 676 _b.V468 1995 |
||
| 082 |
_aFIL 920.2 _bR666V567 1995 |
||
| 100 | _aVentura, Sylvia Mendez | ||
| 245 |
_aCarlos P. Romulo / _cSylvia Mendez Ventura |
||
| 260 |
_aMetro Manila, Philippines : _bTahanan Books for Young Readers, _cc1995. |
||
| 300 |
_a31 p. : _bill.; _c24 cm. |
||
| 650 | _aRomulo, Carlos P. | ||
| 942 |
_2lcc _cBK _kFIL |
||
| 999 |
_c1554 _d1554 |
||